000 01197nam a2200217Ia 4500
999 _c40120
_d40120
001 6726
003 GE_BSU
005 20190624142556.0
008 181216s1982||||ge |||||||||||||| ||ge ||
041 _ageo
080 _a621.311(076) მ-50
245 _aმეთოდური მითითებები საკურსო პროექტის შესადგენად ელექტრული სადგურების და ქვესადგურების ელექტრულ ნაწილში /
_cშემდგ. შ.ა.თოდაძე ; რედ : მ.ძიძიგური.
264 _aთბილისი :
_bსპი,
_c1982.
300 _a60 გვ .:
_bილ, ცხრ.15.
_c20 სმ.
504 _aბიბლიოგრ.:გვ.59.
653 _aელექტრული სადგურების და ქვესადგურების ელექტრული ნაწილი.
653 _aტექნიკა
700 _aთოდაძე, ა.შ.
_eშემდგენელი
_92803
700 _aძიძიგური, მ
_eრედაქტორი
_9472
942 _cBK
_2udc